000 00897nam a2200301 a 4500
001 000110492
003 CHAP
005 20220329144136.0
008 140904s2010 mx | |r| |||1|||spa|d
010 _a106954
011 _a107926
020 _a9786071200433
040 _cCHAP
082 0 4 _a641.353
_bD14 2010
245 1 4 _aLas dalias orgánicas en la gastronomía /
_cpor Guadalupe Treviño de Castro ...[et al.].
246 _aOrganic dahlias in gastronomy
250 _a3 ed.
260 _aChapingo, Méx. :
_bUniversidad Autónoma Chapingo,
_c2010.
300 _a78 p.
546 _aEdición bilingue: español / ingles
590 _aE792CSJ
_b05
_c20140904
_lUCH01
_h0932
650 1 4 _aAlimentos orgánicos
_xRecetarios.
_9128271
650 1 4 _aDalia
_vRecetarios.
_9128270
700 1 _aTreviño de Castro, Guadalupe
_9114842
901 _aBK
942 _cLIBRO
942 _n0
999 _c106954
_d106954